Digital signal processing with examples in MATLAB (Record no. 10999)

000 -LEADER
fixed length control field 00511 a2200181 4500
020 ## - INTERNATIONAL STANDARD BOOK NUMBER
International Standard Book Number 9781439837825
082 ## - DEWEY DECIMAL CLASSIFICATION NUMBER
Classification number 621.3822
090 ## - LOCALLY ASSIGNED LC-TYPE CALL NUMBER (OCLC); LOCAL CALL NUMBER (RLIN)
-- 7196
-- 7196
100 ## - MAIN ENTRY--PERSONAL NAME
Personal name Stearns, Samuel D
110 ## - MAIN ENTRY--CORPORATE NAME
Corporate name or jurisdiction name as entry element Hush, Don R
245 ## - TITLE STATEMENT
Title Digital signal processing with examples in MATLAB
Statement of responsibility, etc. Samuel D Stearns
250 ## - EDITION STATEMENT
Edition statement 2nd ed.
260 ## - PUBLICATION, DISTRIBUTION, ETC.
Place of publication, distribution, etc. NEW York
Name of publisher, distributor, etc. CRC Press
Date of publication, distribution, etc. 2011
300 ## - PHYSICAL DESCRIPTION
Extent 483 p.
650 ## - SUBJECT ADDED ENTRY--TOPICAL TERM
Topical term or geographic name entry element Signal processing--Digital techniques--Computer simulation
700 ## - ADDED ENTRY--PERSONAL NAME
Personal name Samuel D Stearns
942 ## - ADDED ENTRY ELEMENTS (KOHA)
Koha item type Book
Call number prefix 621.3822 STE
Holdings
Withdrawn status Lost status Damaged status Not for loan Collection code Permanent Location Current Location Shelving location Date acquired Source of acquisition Cost, normal purchase price Total Checkouts Full call number Barcode Date last seen Price effective from Koha item type Date last checked out Checked out
          Central Library (CL) Central Library (CL) General Stacks 07/13/2012 A&J DEF TEK Consultants 7421.00   621.3822 STE SEECS011409 11/14/2012 01/05/2017 Book    
          Central Library (CL) Central Library (CL) General Stacks 07/13/2012 A&J DEF TEK Consultants 7421.00 1 621.3822 STE SEECS011408 02/04/2022 01/05/2017 Book 02/15/2015  
          Central Library (CL) Central Library (CL) General Stacks 07/13/2012 A&J DEF TEK Consultants 7421.00 1 621.3822 STE SEECS011407 11/13/2018 01/05/2017 Book 10/01/2018  
          Central Library (CL) Central Library (CL) General Stacks 07/13/2012 A&J DEF TEK Consultants 7421.00 1 621.3822 STE SEECS011410 01/12/2026 01/05/2017 Book 01/12/2026 02/11/2026
          Central Library (CL) Central Library (CL) General Stacks 07/13/2012 A&J DEF TEK Consultants 7421.00   621.3822 STE SEECS011411 11/14/2012 01/05/2017 Book    
© 2023 Central Library, National University of Sciences and Technology. All Rights Reserved.